Welcome to CU Library Online Public Access Catalogue (OPAC)

PSYCHOLOGY (Record no. 7378)

MARC details
000 -LEADER
fixed length control field 00431nam a22001577a 4500
005 - DATE AND TIME OF LATEST TRANSACTION
control field 20250826130325.0
008 - FIXED-LENGTH DATA ELEMENTS--GENERAL INFORMATION
fixed length control field 250826b |||||||| |||| 00| 0 eng d
020 ## - INTERNATIONAL STANDARD BOOK NUMBER
International Standard Book Number 9780534632885
050 ## - LIBRARY OF CONGRESS CALL NUMBER
Classification number BF 121
Item number . W38 WEI
100 ## - MAIN ENTRY--PERSONAL NAME
Personal name WEITEN, WAYNE
245 ## - TITLE STATEMENT
Title PSYCHOLOGY
Remainder of title THEMES & VARIATIONS
Statement of responsibility, etc. WAYNE WEITEN
250 ## - EDITION STATEMENT
Edition statement 6th ed
260 ## - PUBLICATION, DISTRIBUTION, ETC.
Place of publication, distribution, etc. VICTORIA
Name of publisher, distributor, etc. THOMSON WADSWORTH
Date of publication, distribution, etc. c2005
300 ## - PHYSICAL DESCRIPTION
Extent xlv, 487p.;
Other physical details col. ills
942 ## - ADDED ENTRY ELEMENTS (KOHA)
Source of classification or shelving scheme Library of Congress Classification
Koha item type Books
Suppress in OPAC No
999 ## -
-- 7378
-- 7378
Holdings
Withdrawn status Lost status Source of classification or shelving scheme Damaged status Not for loan Collection Home library Current library Shelving location Date acquired Total checkouts Full call number Barcode Date last seen Copy number Price effective from Koha item type
    Library of Congress Classification     Non-fiction Undergraduate Library (Christ Temple) Undergraduate Library (Christ Temple) General stacks 08/26/2025   BF 121.W38 WEI ulct00004489 08/26/2025 1 08/26/2025 Books
© 2023-2024 Copyright: Central University Libraries. All Rights Reserved | Created by: Mahone Tech Office